MARC
LEADER
00000nam0a2200000 4500
001
303760
005
20231102001633.0
035
|a (RuTPU)RU\TPU\book\328987
090
|a 303760
100
|a 20150904d1980 k y0rusy50 ca
101
0
|a rus
102
|a UA
105
|a a z 001zy
200
1
|a Частотно-регулируемые источники реактивной мощности
|e [монография]
|f А. К. Шидловский, В. С. Федий
|g Академия наук Украинской ССР (АН УССР), Институт электродинамики (ИЭД)
210
|a Киев
|c Наукова думка
|d 1980
215
|a 303 с.
|c ил.
225
1
|a Наука и технический прогресс
320
|a Библиогр.: с. 293-301.
606
1
|a Компенсаторы
|x Автоматическое регулирование
|2 stltpush
|3 (RuTPU)RU\TPU\subj\14982
|9 41297
610
1
|a электрические цепи
610
1
|a реактивная мощность
610
1
|a источники
610
1
|a реакторы
675
|a 621.316.76
|v 3
700
1
|a Шидловский
|b А. К.
|g Анатолий Корнеевич
701
1
|a Федий
|b В. С.
|g Всеволод Савельевич
712
0
2
|a Академия наук Украинской ССР (АН УССР)
|b Институт электродинамики (ИЭД)
|c (Киев)
|c (1963-1991)
|2 stltpush
|3 (RuTPU)RU\TPU\col\12436
801
1
|a RU
|b 63413507
|c 20150904
801
2
|a RU
|b 63413507
|c 20191118
|g RCR
942
|c BK